| 000 | 00693nam a22002057a 4500 | ||
|---|---|---|---|
| 005 | 20240530110531.0 | ||
| 008 | 160319s2012 ua g 00| f ara d | ||
| 017 |
_a2012/14297 _bمصر . دار الكتب المصرية |
||
| 020 | _a9789773564305 | ||
| 040 | _aEG-CaGPL | ||
| 082 | 0 | 4 |
_221 _a813.03\ _bح د |
| 100 | 0 | _aحسن فودة . | |
| 245 | 1 | 0 |
_aدهاليز و حوارى و قصور و جوارى / _cتاليف حسن فودة . |
| 250 | _aط1. | ||
| 260 |
_aالجيزة : _bهلا للنشر و التوزيع ، _c2012 . |
||
| 300 |
_a447 ص ؛ _c22 سم . |
||
| 650 | 0 | 4 | _aالقصص العربية . |
| 942 |
_2ddc _cBK |
||
| 999 |
_c62097 _d62097 |
||